000 00586nam a2200229Ia 4500
003 OSt
005 20220918175534.0
006 a|||||r|||| 00| 0
007 ta
008 220917b |||||||| |||| 00| 0 eng d
024 _a17,850
037 _cTextual
040 _aARTS
_cARTS
_beng
041 _2eng
_aeng
082 _aO:1M193x, H7
100 _aMelville Herman
_910537
245 0 _aCollected poems ed by Howard P Vincent
260 _c1947
650 _aENGLISH LITERATURE
942 _hO:1M193x, H7
_cTEXL
_2CC
999 _c158011
_d158011